Minecraft Wood (Planks) - Picture Quiz - Statistics

General Stats
  • This quiz has been taken 98 times
  • The average score is 10 of 11
Answer Stats
Picture Answer % Correct
Oak
99%
Birch
97%
Spruce
97%
Dark Oak
95%
Jungle
91%
Acacia
88%
Cherry
87%
Bamboo
86%
Crimson
74%
Mangrove
72%
Warped
72%
No matching quizzes found
Score Distribution
Percent of People with Each Score
Percentile by Number Answered
Your Score History
You have not taken this quiz